000 02423nam a2200217Ia 4500
999 _c19300
_d19300
003 OSt
005 20210908163814.0
008 160316s1992 xxu||||| |||| 00| 0 eng d
020 _a033352389
040 _c.
082 _a338.9 FRA
_bGRA
100 _aGraf William D
245 _aThe internationalization of the German political economy : Evolution of a hegemonic project
260 _aLondon
_bMacmillan Press Ltd.
_c1992
300 _a358p
_cxix
365 _bRs.4,816
505 _aContents; List of Tables; List of Foreign Abbreviations and Terms; Notes on the Contributors; Acknowledgements; Map of Germany; 1. Introduction; William D. Graf; 2. Internationalization and Exoneration: Social Functions of the Transnationalizing West German Political Economy in the Post-war Era; William D. Graf; 3. Change and Internationalization in Industry: Towards a Sectoral Interpretation of West German Politics Christian Deubner; 4 The Federal Republic and the New International Division of Labour: Crucial Developments in the 1970s Georg Simonis; 5. Internationalization and the Reorganization of Production and Marketing in the Volkswagen Corporation Reinhard Doleschal; 6 The Integration of the West German Textile and Clothing Industry into the New International Division of Labour; Sibylle Raasch and Philipp Wahnscha.lfe 7 Franco- German Economic Relations Within the International Division of Labour: Interdependence.Divergence or Structural Dominance? Christian Deubner, Udo Rehfeld and Frieder Schlupp 8 Towards the New Germany: The Logic of Rapid Unification and the Social Experiment of Radical Marketization in the GDR Andreas Pickel 9 The Transformation of the East German Economy: The Visions of the German Parties and Governments – and the Reality Jorg Roesler 10 The 'New' Germany and the Third World: Aspects of a Changing Relationship Brigitte H. Schulz II International Aspects of an Alternative Economic Policy Karl-Georg Zinn 12 Gross-Deutschland in Europe: Planned or Unplanned Effects of the German Anscltlujl on Hegemonic Leadership in the European Community Thomas O. Hueglin; 13 World-Market Strategy and World-Power Politics: German Europeanization and Globalization Projects in the 1990s; Friedel' Schlupp; Index
650 _a1.Economic development - Germany2.Labour economics - Germany3.Political economy - Germany
700 _a
_a
942 _2ddc
_cBK